| 000 | 00374nam a2200145 a 4500 | ||
|---|---|---|---|
| 001 | 2723 | ||
| 003 | CDMR | ||
| 005 | 20130116135235.0 | ||
| 008 | 130130s ||||||||||||||||||||||||||||d | ||
| 040 |
_aCDMR _bcat _cCPC GIRONA |
||
| 100 | 1 |
_aCantavella, Juan _92047 |
|
| 245 | 1 | 0 |
_aManual de la entrevista periodística _cCantavella, Juan |
| 260 | _bAriel Comunicación | ||
| 942 | _cMON | ||
| 999 |
_c2723 _d2723 |
||